000 00397nam a22001457a 4500
003 MACL
005 20170530131307.0
008 170530b xxu||||| |||| 00| 0 eng d
040 _cMACL
100 _aGhosh Satyajit Dhaka Abhinav
_967280
245 _aGreen Structures
_bEnergy Efficiency in Buildings
260 _aNew Delhi
_bAne Books
_c2016
650 _aTechology
_967281
942 _2ddc
_cBK
999 _c56415
_d56415